Least Centralized US Metro Areas - Statistics

General Stats
  • This quiz has been taken 22 times
  • The average score is 13 of 17
Answer Stats
% in Main City Metro % Correct
8.25% Atlanta
95%
12.93% San Jose
89%
13.63% Boston
84%
28.32% Chicago
84%
15.61% Dallas
84%
14.79% Detroit
84%
7.04% Washington
84%
29.68% Houston
79%
29.56% Los Angeles
79%
28.30% Las Vegas
74%
24.83% Philadelphia
74%
25.30% Portland
74%
19.43% Seattle
74%
24.60% Denver
68%
21.57% Kansas City
63%
22.35% Sacramento
63%
25.38% Virginia Beach
37%
No matching quizzes found
Score Distribution
Percent of People with Each Score
Percentile by Number Answered
Your Score History
You have not taken this quiz